000 01110cam a22003137a 4500
003 CHAP
005 20220329133346.0
008 971013s1991 r 00010 d
010 _a5412
011 _a6384
035 _a5604
040 _cCHAP
090 _aFolleto 1842 (1990)
110 _aMéxico. Leyes, decretos, etc.
_977071
245 0 _aLey sobre producción, certificación y conservación de semillas
260 _aMéxico, D.F. :
_bServicio Nacional de Inspección y Certificación de Semillas. México,
_c1991
300 _a20 p
590 _aBATCH-UPD
_b10
_c20130110
_lUCH01
_h0839
590 _aBATCH-UPD
_b10
_c20130410
_lUCH01
_h0517
590 _aBATCH-UPD
_b10
_c20130914
_lUCH01
_h2018
590 _aCONVERSION
_b10
_c20130109
_lUCH01
_h1304
650 1 4 _aSemillas
_xCertificación.
_9103883
650 1 4 _aSemillas
_xMercadeo
_xMéxico.
_9103919
901 _aBK
942 _cFOLL
949 _aFolleto 1842 (1990)
_bBC
_cFOLL
_d-15191
_eTS1
_i5604
_si
949 _aFolleto 1842 (1990)
_bBC
_cFOLL
_d-74902
_eTS2
_fc.2
_i5604
_si
949 _aFolleto 1842 (1990)
_bBC
_cFOLL
_d-74903
_eTS2
_fc.3
_i5604
_si
999 _c5412
_d5412